| 000 | 00512nam a2200193 a 4500 | ||
|---|---|---|---|
| 001 | 1772883571334 | ||
| 003 | YourLibrary | ||
| 005 | 20260307171106.0 | ||
| 008 | 260307s2002##################000#0#eng## | ||
| 020 | _a9780745623030 | ||
| 082 | 0 | 4 |
_a327.01 _bBRO |
| 100 | 1 |
_aBrown, Chris, _eauthor. |
|
| 245 | 1 | 0 | _aSovereignty, Rights and Justice : |
| 260 |
_bBlackwell Publishing, _c2002. |
||
| 300 | _a276 pages | ||
| 650 | 0 | _aPolitical Science. | |
| 942 | _cENGLISH | ||
| 040 |
_aYourLibrary _beng _cYourLibrary |
||
| 999 |
_c617176 _d617176 |
||